|
|
|
|
| LEADER |
00000cam a2200000 i 4500 |
| 001 |
1/28677 |
| 008 |
960209m19721973 eng d |
| 020 |
|
|
|a 0002115360 ((v. 1))
|
| 035 |
|
|
|l 10023080
|
| 040 |
|
|
|a GR-MY-UA
|b gre
|e aacr
|
| 041 |
0 |
|
|a eng
|
| 082 |
0 |
|
|a 909.091822
|
| 100 |
1 |
|
|a Braudel, Fernand.
|
| 245 |
1 |
4 |
|a The Mediterranean and the Mediterranean world in the age of Philip II /
|c translated from the French by Sian Reynolds
|
| 260 |
|
|
|a London :
|b Collins,
|c 1972-73
|
| 300 |
|
|
|a 2 v.;
|b ill., maps;
|c 24 cm.
|
| 500 |
|
|
|a Translation of the 2nd rev. ed. of La Mediterranee et le monde mediteraneen a l'epoque de Philippe II
|
| 504 |
|
|
|a Includes bibliographical references
|
| 650 |
0 |
0 |
|a Human geography
|z Mediterranean Region.
|
| 651 |
|
0 |
|a Mediterranean Region
|x History.
|
| 700 |
1 |
|
|a Reynolds, Sian.
|4 trl
|
| 852 |
|
|
|a INST
|b CHIOS
|e 19960321
|h 909.091822 ΒRA
|p 005200000611
|q 005200000611
|t BK
|y 0
|z v.I
|
| 852 |
|
|
|a INST
|b CHIOS
|e 19960209
|h 909.091822 ΒRA
|p 005200000612
|q 005200000612
|t BK
|y 0
|z v.II
|
| 852 |
|
|
|a INST
|b CHIOS
|e 19960321
|h 909.091822 ΒRA
|p 005200000611
|q 005200000611
|t BK
|v v.I:
|y 0
|z v.I
|
| 852 |
|
|
|a INST
|b CHIOS
|e 19960209
|h 909.091822 ΒRA
|p 005200000612
|q 005200000612
|t BK
|v v.II:
|y 0
|z v.II
|
| 853 |
|
|
|a INST
|b CHIOS
|h 909.091822 ΒRA
|
| 909 |
|
|
|a Χ
|b 001508
|
| 909 |
|
|
|a Χ
|b 001511
|